Statistics for 10 Most Jewish Countries

Click here to take the quiz!

General Stats

  • This quiz has been taken 144 times
    (127 since last reset)
  • The average score is 6 of 10

Answer Stats

Jewish PopulationAnswer% Correct
1.9%United States
100%
74.8%Israel
99%
0.45%United Kingdom
93%
1%Canada
90%
0.63%France
86%
0.5%Australia
68%
2%Argentina
53%
13%Palestine (West Bank)
24%
2.9%Monaco
15%
0.6%Bahrain
3%

Score Distribution

Percentile by Number Answered

Percent of People with Each Score

Your Score History

You have not taken this quiz since the last reset